| 000 | 00548nam a2200217Ia 4500 | ||
|---|---|---|---|
| 003 | OSt | ||
| 005 | 20230502152344.0 | ||
| 008 | 210423s2002 xx 000 0 und d | ||
| 020 | _a8123902662 | ||
| 040 | _cAL | ||
| 041 | _aeng | ||
| 082 | _a574.87322 PTAM | ||
| 100 |
_aPTASHNE (Mark);GANN (Alexander). _996284 |
||
| 245 | _aGenes and signals. | ||
| 260 |
_aNew York _bCambridge University Press _c2002 |
||
| 300 |
_axvi,192 _bPB |
||
| 365 |
_b1887 _cINR |
||
| 650 |
_aCell Biology _996285 |
||
| 906 | _aGenes ; signals | ||
| 942 |
_2ddc _cBK |
||
| 999 |
_c162973 _d162973 |
||